000 00445nam a2200157Ia 4500
003 GCL
008 140319s9999 xx 000 0 ara d
040 _aGCL /
_cGCL
082 0 4 _a616.8914
_bم ا
100 1 _aمحمد احمد النابلسى
245 1 0 _aاصول ومبادئ الفحص النفسى /
_cمحمد احمد النابلسى
300 _a190 ص
490 _aكتاب
_v0
650 0 4 _aعلم النفس
942 _2ddc
_cBK
999 _c41250
_d41250